Normal view
MARC view
- Management & Business: General
Entry Topical Term
001 - CONTROL NUMBER
- control field: 119787
003 - CONTROL NUMBER IDENTIFIER
- control field: NUST
005 - DATE AND TIME OF LATEST TRANSACTION
- control field: 20231220122630.0
008 - FIXED-LENGTH DATA ELEMENTS
- fixed length control field: 231220|| aca||aabn | a|a d
040 ## - CATALOGING SOURCE
- Original cataloging agency: NUST
- Transcribing agency: NUST
150 ## - HEADING--TOPICAL TERM
- Topical term or geographic name entry element: Management & Business: General
670 ## - SOURCE DATA FOUND
- Source citation: Work cat.: (NUST)342701: Evans, James R. 19195, Management and control of quality /, 1998.
